Parcours de l'OM en Ligue Europa 2017/18 - Statistiques

Statistiques générales
  • Ce quiz a été pris 74 fois
  • Le résultat moyen est 9 sur 15
Statistiques - réponses
Etape Score Réponse % Correct
Finale 0-3 Atletico Madrid
98%
Quarts de finale aller 0-1 RB Leipzig
92%
Quarts de finale retour 5-2 RB Leipzig
92%
Journée 2 0-1 RB Salzbourg
80%
Journée 6 0-0 RB Salzbourg
80%
Demi-finale aller 2-0 RB Salzbourg
80%
Demi-finale retour 1-2 (ap) RB Salzbourg
80%
Huitèmes de finale aller 3-1 Athletic Bilbao
60%
Huitièmes de finale retour 2-1 Athletic Bilbao
60%
Seizièmes de finale aller 3-0 Sporting Braga
40%
Seizièmes de finale retour 0-1 Sporting Braga
40%
Journée 1 1-0 Konyaspor
22%
Journée 5 1-1 Konyaspor
22%
Journée 3 2-1 Vitoria Guimaraes
20%
Journée 4 0-1 Vitoria Guimaraes
20%
Aucun quiz correspondant
Distribution des résultats
% des personnes avec chaque résultat
Percentile par nombre de réponses
Votre historique - résultats
Vous n’avez pas pris ce quiz